[Event "EuTCh"]
[Site "Leon ESP"]
[Date "2001.11.15"]
[Round "9"]
[White "Clerides,P"]
[Black "Heidenfeld,M"]
[Result "0-1"]
[WhiteElo "2188"]
[BlackElo "2382"]
[EventDate "2001.11.06"]

1. e4 e5 2. Nf3 Nc6 3. Bb5 a6 4. Ba4 Nf6 5. O-O Be7 6. Re1 b5 7. Bb3 O-O 8.
c3 d5 9. exd5 Nxd5 10. Nxe5 Nxe5 11. Rxe5 c6 12. d4 Bd6 13. Re1 Qh4 14. g3
Qh3 15. Be3 Bg4 16. Qd3 Rae8 17. Nd2 Re6 18. a4 f5 19. Qf1 Qh5 20. f4 bxa4
21. Bxd5 cxd5 22. Qg2 Kh8 23. Qxd5 Rfe8 24. Bf2 Be2 25. Kg2 g5 26. fxg5 f4
27. Nf3 Rh6 28. Nh4 f3+ 29. Kg1 Rg8 30. Rxa4 Rxg5 31. Qb7 Qxh4 32. Qc8+ Kg7
33. Qd7+ Kg8 34. Qd8+ Kf7 35. Qd7+ Be7 36. Rxe2 Qxh2+ 37. Kf1 Qh1+ 0-1

[Event "EuTCh"]
[Site "Leon ESP"]
[Date "2001.11.15"]
[Round "9"]
[White "Brady,S"]
[Black "Antoniou,A"]
[Result "1-0"]
[WhiteElo "2333"]
[BlackElo "2231"]
[EventDate "2001.11.06"]

1. e4 e5 2. Nf3 Nc6 3. d4 exd4 4. Nxd4 Bc5 5. Nxc6 Qf6 6. Qd2 dxc6 7. Nc3
Qg6 8. Qg5 Bb4 9. Bd3 Nf6 10. O-O Be6 11. h3 Nd7 12. Rd1 f6 13. Qxg6+ hxg6
14. Ne2 Bc5 15. a3 a5 16. Nf4 Bf7 17. Be2 Bd6 18. Be3 Ne5 19. Nd3 Nc4 20.
Bd4 g5 21. a4 O-O 22. b3 Nb6 23. Bg4 Rfe8 24. f3 Be6 25. Bxe6+ Rxe6 26. Nc5
Bxc5 27. Bxc5 Rae8 28. Rd2 Re5 29. Bd4 R5e7 30. Bc3 Ra8 31. Rad1 Ree8 32.
Kf2 Kf7 33. Kg3 Nc8 34. Rd7+ Re7 35. Rd8 b5 36. axb5 cxb5 37. Bxa5 Rxa5 38.
Rxc8 Ra6 39. Rd2 Rc6 40. Rcd8 Rc5 41. R8d5 Rxd5 42. Rxd5 c6 43. Rd6 Rc7 44.
Kg4 c5 45. Rd5 b4 46. f4 gxf4 47. Kxf4 Ke6 48. h4 c4 49. Rb5 cxb3 50. Rb6+
Kf7 51. cxb3 Rc2 52. g3 Rf2+ 53. Ke3 1-0

[Event "EuTCh"]
[Site "Leon ESP"]
[Date "2001.11.15"]
[Round "9"]
[White "Georghiou,A"]
[Black "O'Cinneide,M"]
[Result "0-1"]
[WhiteElo "2155"]
[BlackElo "2249"]
[EventDate "2001.11.06"]

1. d4 Nf6 2. c4 e6 3. Nf3 Bb4+ 4. Bd2 Qe7 5. a3 Bxd2+ 6. Qxd2 b6 7. Nc3 Bb7
8. Qc2 c5 9. Rd1 cxd4 10. Nxd4 O-O 11. e3 Rd8 12. Ndb5 d6 13. e4 Nc6 14.
Be2 Rac8 15. Qd2 Rd7 16. O-O a6 17. Nd4 Ne5 18. b3 Nxe4 19. Nxe4 Bxe4 20.
Qe3 Bb7 21. f4 Ng6 22. g3 Re8 23. Bf3 Bxf3 24. Nxf3 Qd8 25. Ng5 h6 26. Ne4
d5 27. Qd4 Nf8 28. Nc3 dxc4 29. Qxc4 b5 30. Qc6 Qc8 31. Qxc8 Rxc8 32. Ne4
f5 33. Rxd7 Nxd7 34. Rd1 Rc7 35. Nf2 Nc5 36. b4 Nb7 37. Rd4 Kf8 38. Nd3 Rc6
39. Rd7 Rd6 40. Rxd6 Nxd6 41. Nc5 Nc4 42. Nxe6+ Kf7 43. Nc7 Nxa3 44. Nxa6
Ke6 45. Nc7+ Kd7 46. Nd5 Nc2 47. Kf2 Kd6 48. Ne3 Nd4 49. Ke1 g6 50. h3 Nc6
51. g4 fxg4 52. hxg4 Nxb4 53. f5 g5 54. Kd2 Nd5 55. Nd1 Ke5 56. Kd3 Nf6 57.
Nf2 Kf4 58. Kd4 b4 59. Nd3+ Kxg4 60. Ke5 Nd7+ 61. Ke6 Nf8+ 62. Kf6 b3 63.
Ne5+ Kf4 64. Nd3+ Ke3 65. Nb2 Kd4 0-1

[Event "EuTCh"]
[Site "Leon ESP"]
[Date "2001.11.15"]
[Round "9"]
[White "Godena,M"]
[Black "Arduman,C"]
[Result "1-0"]
[WhiteElo "2496"]
[BlackElo "2379"]
[EventDate "2001.11.06"]

1. e4 e5 2. Nf3 Nc6 3. Bc4 Bc5 4. d3 Nf6 5. Nc3 h6 6. a3 a6 7. h3 d6 8. Ne2
Be6 9. Bxe6 fxe6 10. Ng3 O-O 11. c3 Bb6 12. O-O Qe8 13. Re1 Ne7 14. Qb3 Ng6
15. Be3 Nd7 16. Bxb6 cxb6 17. Re3 b5 18. Rd1 Rc8 19. Kh2 Qe7 20. Nf5 Qf6
21. Nxd6 Nc5 22. Qa2 Rcd8 23. Nf5 Nxe4 24. Nxh6+ gxh6 25. Rxe4 1-0

[Event "EuTCh"]
[Site "Leon ESP"]
[Date "2001.11.15"]
[Round "9"]
[White "Haznedaroglu,K"]
[Black "Arlandi,E"]
[Result "0-1"]
[WhiteElo "2328"]
[BlackElo "2453"]
[EventDate "2001.11.06"]

1. e4 c5 2. Nf3 e6 3. d4 cxd4 4. Nxd4 Nf6 5. Nc3 d6 6. Be3 a6 7. a4 Nc6 8.
Be2 Be7 9. O-O O-O 10. f4 Qc7 11. Kh1 Re8 12. Qe1 e5 13. Nxc6 bxc6 14. a5
exf4 15. Bxf4 Bf8 16. Bd3 Be6 17. Na4 Nd7 18. b4 Qb7 19. Rb1 d5 20. Qc3
dxe4 21. Bxe4 Bd5 22. Bf3 Qb5 23. Qa1 Bxf3 24. Rxf3 Nf6 25. c4 Qh5 26. Qb2
Re4 27. Nb6 Rae8 28. Rbf1 Re2 29. Qb3 Qg6 30. Bg3 Ne4 31. Qd1 Nd2 32. R3f2
Nxf1 33. Rxe2 Nxg3+ 34. hxg3 Qh5+ 0-1

[Event "EuTCh"]
[Site "Leon ESP"]
[Date "2001.11.15"]
[Round "9"]
[White "Borgo,G"]
[Black "Atakisi,U"]
[Result "1/2-1/2"]
[WhiteElo "2424"]
[BlackElo "2278"]
[EventDate "2001.11.06"]

1. e4 c5 2. Nf3 Nc6 3. Bb5 d6 4. d4 cxd4 5. Qxd4 Bd7 6. Bxc6 Bxc6 7. Nc3
Nf6 8. Bg5 e6 9. O-O-O Be7 10. Qd3 Qa5 11. h4 O-O 12. Nd4 Rfc8 13. Kb1 a6
14. f3 b5 15. Nce2 Qc7 16. g4 b4 17. Ng3 Bb5 18. Qd2 Rab8 19. Rhg1 a5 20.
Nh5 Ne8 21. Bxe7 Qxe7 22. g5 Bd7 23. f4 e5 24. Nf5 Bxf5 25. exf5 a4 26.
Nxg7 Nxg7 27. f6 Qe6 28. fxg7 b3 29. cxb3 axb3 30. a3 Qg6+ 31. Qd3 exf4 32.
Qxg6 hxg6 33. Rd4 Re8 34. Rxf4 Re3 35. Rd1 Rc8 36. Rc1 Rce8 37. Rfc4 d5 38.
Rd4 Kxg7 39. Rxd5 R8e4 40. Rdc5 Rxh4 41. R5c3 Rhe4 1/2-1/2

[Event "EuTCh"]
[Site "Leon ESP"]
[Date "2001.11.15"]
[Round "9"]
[White "Erdogan,H"]
[Black "Belotti,B"]
[Result "0-1"]
[WhiteElo "2292"]
[BlackElo "2403"]
[EventDate "2001.11.06"]

1. d4 Nf6 2. c4 g6 3. Nc3 d5 4. Nf3 Bg7 5. Qb3 dxc4 6. Qxc4 O-O 7. e4 a6 8.
e5 b5 9. Qb3 Ng4 10. h3 Nh6 11. Be2 Nf5 12. Qd1 Nc6 13. Be3 Bb7 14. O-O f6
15. g4 Nxe3 16. fxe3 fxe5 17. d5 Na5 18. e4 Qd6 19. Ng5 Qb6+ 20. Kg2 b4 21.
Na4 Qe3 22. Ne6 Rxf1 23. Qxf1 Qxe4+ 24. Bf3 Qc2+ 25. Qf2 Qxa4 26. Qc5 Bf8
27. Re1 Qb5 28. Rxe5 Qxc5 29. Nxc5 Rd8 30. Ne6 Rd7 31. Nc5 Rd6 32. Kg3 Ba8
33. b3 c6 34. Nxa6 cxd5 35. Nxb4 e6 36. Re2 Nc6 37. Nc2 e5 38. b4 e4 39.
Bg2 Rf6 40. b5 Bd6+ 41. Kh4 Ne5 42. Nd4 Kg7 43. g5 Rf4+ 44. Kg3 Rf7 45.
Ne6+ Kg8 46. Rc2 Bb7 47. h4 Nc4+ 48. Kh3 Bc8 0-1

[Event "EuTCh"]
[Site "Leon ESP"]
[Date "2001.11.15"]
[Round "9"]
[White "Galego,L"]
[Black "Cobb,J"]
[Result "1-0"]
[WhiteElo "2503"]
[BlackElo "2335"]
[EventDate "2001.11.06"]

1. d4 Nf6 2. Nf3 g6 3. g3 Bg7 4. Bg2 c5 5. O-O O-O 6. dxc5 Na6 7. Be3 Qc7
8. Nc3 Ng4 9. Bd4 Nxc5 10. Nd5 Qd6 11. Bxg7 Kxg7 12. Qd4+ Nf6 13. c4 Ne6
14. Qc3 Nc7 15. e4 Ncxd5 16. cxd5 Qb6 17. d6 exd6 18. Rac1 d5 19. exd5 d6
20. Ng5 Qd8 21. h3 Bd7 22. Ne4 Rc8 23. Qd4 Rxc1 24. Rxc1 Bf5 25. Nc3 Qb6
26. Qxb6 axb6 27. Nb5 Rd8 28. Rc7 Bd3 29. Na7 Ra8 30. Rxb7 Bc4 31. a3 Bxd5
32. Bxd5 Nxd5 33. Nb5 Rd8 34. Kf1 Kf8 35. Ke2 Ke8 36. Kd3 Rd7 37. Rb8+ Ke7
38. Kd4 Ke6 39. b4 h5 40. h4 f6 41. Ke4 f5+ 42. Kd4 f4 43. Re8+ Ne7 44.
gxf4 Kf6 45. Rf8+ Ke6 46. Kd3 Nf5 47. a4 Kd5 48. Nc3+ Kc6 49. b5+ Kb7 50.
Nd5 Nxh4 51. Rf6 Ka7 52. Ke2 Rg7 53. Rxd6 Nf5 54. Rxb6 h4 55. Kf1 h3 56.
Kg1 Rd7 57. Ra6+ Kb7 58. Ne3 Nd4 59. Kh2 Rh7 60. Rxg6 Nf3+ 61. Kh1 Rc7 62.
Rc6 Rg7 63. Rc1 Kb6 64. Nc4+ Kb7 65. Ne5 Nd4 66. Rd1 1-0

[Event "EuTCh"]
[Site "Leon ESP"]
[Date "2001.11.15"]
[Round "9"]
[White "Zeidler,S"]
[Black "Fernandes,An"]
[Result "0-1"]
[WhiteElo "2296"]
[BlackElo "2457"]
[EventDate "2001.11.06"]

1. e4 c5 2. Nc3 g6 3. f4 Bg7 4. Nf3 Nc6 5. Bb5 Na5 6. e5 Nh6 7. d4 cxd4 8.
Qxd4 O-O 9. Bd2 a6 10. Bd3 Nc6 11. Qf2 d6 12. O-O-O dxe5 13. Nxe5 Nxe5 14.
fxe5 Ng4 15. Qh4 Nxe5 16. Bg5 Qb6 17. Bxe7 Re8 18. Nd5 Nxd3+ 19. Rxd3 Qxb2+
20. Kd2 Bf5 21. Bf6 Qxa2 22. Bxg7 Bxd3 23. Nb4 Qc4 0-1

[Event "EuTCh"]
[Site "Leon ESP"]
[Date "2001.11.15"]
[Round "9"]
[White "Damaso,R"]
[Black "May,F"]
[Result "1-0"]
[WhiteElo "2414"]
[BlackElo "2174"]
[EventDate "2001.11.06"]

1. Nf3 d5 2. d4 c6 3. c4 e6 4. Nc3 dxc4 5. Bg5 Qc7 6. g3 b5 7. Bg2 Bb7 8.
O-O Nd7 9. a4 a6 10. e4 Ngf6 11. Bf4 Qb6 12. Be3 h6 13. Ne5 c5 14. Nxd7
Nxd7 15. d5 O-O-O 16. axb5 axb5 17. b3 Bd6 18. bxc4 b4 19. Nb5 exd5 20.
exd5 Be5 21. Ra7 Bb8 22. Qa4 Ne5 23. Ra5 Nxc4 24. Bh3+ Rd7 25. Bxc5 Qxa5
26. Nd6+ Bxd6 27. Qxd7+ Kb8 28. Bxd6+ Ka8 29. Bc7 Qa3 30. Qb5 Qa6 31. Qxb4
Bxd5 32. Rd1 Bc6 33. Bf1 Qb5 1-0

[Event "EuTCh"]
[Site "Leon ESP"]
[Date "2001.11.15"]
[Round "9"]
[White "Varley,P"]
[Black "Frois,A"]
[Result "0-1"]
[WhiteElo "2197"]
[BlackElo "2367"]
[EventDate "2001.11.06"]

1. e4 c5 2. c3 d5 3. exd5 Qxd5 4. d4 g6 5. dxc5 Qxc5 6. Nf3 Bg7 7. Nbd2 Nf6
8. Nb3 Qc7 9. Bb5+ Nbd7 10. Bg5 O-O 11. O-O a6 12. Be2 b6 13. Qc1 Bb7 14.
Qf4 e5 15. Qc4 Bc6 16. Qh4 Nd5 17. Rfd1 Kh8 18. Bh6 f6 19. Bxg7+ Kxg7 20.
g3 Rfd8 21. Qg4 Nf8 22. Nh4 Ne7 23. Rxd8 Qxd8 24. Rd1 Qc7 25. Qc4 Qb7 26.
Bf1 Bd5 27. Qb4 a5 28. Qd6 Rc8 29. Bg2 Bxg2 30. Nxg2 Rc7 31. Qd3 Qc6 32.
Nc1 Ne6 33. Ne3 Ng5 34. Nd5 Rd7 35. c4 e4 36. Qb3 Nf3+ 37. Kg2 Ne5 38. Ne2
Qxc4 39. Nec3 Nxd5 40. Rxd5 Qxb3 41. axb3 Rxd5 42. Nxd5 Nd7 43. b4 axb4 44.
Nxb4 f5 45. f3 exf3+ 46. Kxf3 Kf6 47. h4 h6 48. Kf4 Ke6 49. Ke3 Kd6 50. Kf4
Nf6 51. Kf3 g5 52. hxg5 hxg5 53. Nc2 Ke5 54. Ne3 b5 55. Nc2 Nd5 56. Na3 g4+
57. Kf2 b4 58. Nc2 Ke4 59. Ke2 f4 60. gxf4 Kxf4 61. Kf2 g3+ 62. Kg1 Kg4 63.
Ne1 Nf4 64. Kf1 Kh3 65. Kg1 b3 66. Kf1 Kh2 67. Nf3+ Kh1 68. Ke1 g2 69. Kd2
Ng6 70. Kc3 Nh4 0-1